000 00391nam a2200169Ia 4500
003 0STCL
008 150530s9999 xx 000 0 und d
040 _aSTCL
_cSTCL
100 _aBahl, B.S.; Jindal, H.R.
245 _aPhysico chemical calculations
250 _aFirst
260 _bS.Chand
_c1958
546 _aEnglish
942 _2ddc
_cBK
999 _c32147
_d32147
005 20220125170236.0